| 000 | 00795cam a2200217 4500 | ||
|---|---|---|---|
| 001 | WB3840-11 | ||
| 008 | 021030n2002 000 0 eng u | ||
| 035 | _a(Sirsi) u120319 | ||
| 245 | _aCanary tenants save £10m | ||
| 260 | _c2002 | ||
| 490 |
_aEstates Gazette _v(0243) 26 October 2002, 32(1) |
||
| 520 | _aThe Valuation Office Agency (VOA) has agreed to a joint rating assessment for Canary Wharf's biggest tenants. The rating assessment has been agreed prior to occupation and will save the tenants £10m per year on their combined rates bill. VOA at www.voa.gov.uk | ||
| 590 | _aWB | ||
| 650 | _aVALUATION OFFICE AGENCY | ||
| 650 | _aVOA | ||
| 650 | _aCANARY WHARF | ||
| 650 | _aRATING ASSESSMENTS | ||
| 650 | _aTENANTS | ||
| 690 | _aRATING AND LOCAL TAXATION | ||
| 942 | _n0 | ||
| 999 |
_c71482 _d71482 |
||